Capital a mantener. Sus efectos sobre los resultados contables de las empresas (Registro nro. 11498)
[ vista simple ]
| 000 -LEADER | |
|---|---|
| fixed length control field | 00351 a2200109 4500 |
| 001 - CONTROL NUMBER | |
| control field | ART_6703 |
| 005 - DATE AND TIME OF LATEST TRANSACTION | |
| control field | 20260410161620.0 |
| 008 - FIXED-LENGTH DATA ELEMENTS--GENERAL INFORMATION | |
| fixed length control field | 260409a |
| 100 1# - MAIN ENTRY--PERSONAL NAME | |
| Personal name | D´Onofrio, Paula Alejandra |
| 245 10 - TITLE STATEMENT | |
| Title | Capital a mantener. Sus efectos sobre los resultados contables de las empresas |
| 773 0# - HOST ITEM ENTRY | |
| Title | Enfoques |
| Related parts | - Nº 1 (ene. 2010) |
| Record control number | REV416 |
No hay ítems disponibles.